[Event "Thessaloniki Open 2009"]
[Site "Thessaloniki GRE"]
[Date "2009.05.02"]
[Round "8.12"]
[White "Fakhiridou, Ekaterini"]
[Black "Tsintsar, Zoran"]
[Result "1-0"]
[WhiteElo "2252"]
[BlackElo "1962"]
[PlyCount "63"]
[EventDate "2009.04.27"]
[EventType "swiss"]
[EventRounds "9"]
[EventCountry "GRE"]
[Source "lmi"]
[SourceDate "2009.04.27"]

1. e4 c5 2. Nf3 Nc6 3. d4 cxd4 4. Nxd4 e5 5. Nb5 d6 6. c4 Be7 7. N1c3 a6 8. Na3
f5 9. exf5 Bxf5 10. Nc2 Bxc2 11. Qxc2 Nf6 12. Be2 O-O 13. Be3 Rc8 14. Qd2 Kh8
15. O-O b5 16. Rfd1 b4 17. Nd5 Ne4 18. Qc2 Ng5 19. Bg4 Rb8 20. c5 dxc5 21. Nxe7
Qxe7 22. Bxc5 Qf6 23. Bxf8 Rxf8 24. h4 Nf7 25. Qc5 Kg8 26. Qb6 e4 27. Bd7 Qxh4
28. Bxc6 Ne5 29. Bd5+ Kh8 30. Qe3 Rf3 31. Rac1 g5 32. Qd4 1-0

[Event "Thessaloniki Open 2009"]
[Site "Thessaloniki GRE"]
[Date "2009.05.02"]
[Round "8.13"]
[White "Makka, Ioulia"]
[Black "Sidiropoulos, Nikolaos"]
[Result "1/2-1/2"]
[WhiteElo "2229"]
[BlackElo "2081"]
[PlyCount "114"]
[EventDate "2009.04.27"]
[EventType "swiss"]
[EventRounds "9"]
[EventCountry "GRE"]
[Source "lmi"]
[SourceDate "2009.04.27"]

1. e4 e6 2. d4 d5 3. Nd2 dxe4 4. Nxe4 Nd7 5. Nf3 Ngf6 6. Nxf6+ Nxf6 7. c3 c5 8.
Ne5 a6 9. Be3 Qc7 10. Qa4+ Bd7 11. Nxd7 Nxd7 12. Rd1 O-O-O 13. Be2 Bd6 14. Bf3
Nb6 15. Qa5 Nc4 16. Qxc7+ Bxc7 17. Bg5 f6 18. Bc1 cxd4 19. cxd4 Bb6 20. b3 Nd6
21. Bf4 g5 22. Bg3 h5 23. h3 Kb8 24. O-O Ka7 25. Rfe1 Nf5 26. Rxe6 Nxd4 27.
Rxd4 Bxd4 28. Re7 a5 29. Rxb7+ Ka6 30. Re7 h4 31. Be2+ Kb6 32. Bc7+ Kc5 33.
Bxd8 Rxd8 34. Rb7 Re8 35. Kf1 Bc3 36. Rb5+ Kc6 37. Rf5 Be5 38. Rf3 Rd8 39. Bd3
Kc5 40. a3 Bb2 41. Ke2 Rd6 42. a4 Be5 43. Bc4 Rd8 44. Rf5 Rd4 45. Rf3 Rf4 46.
Rxf4 Bxf4 47. Kf3 Kd6 48. g3 hxg3 49. fxg3 Bd2 50. h4 gxh4 51. gxh4 Ke7 52. Ke4
Kf8 53. Kf5 Kg7 54. Bd3 Kh8 55. Kxf6 Be1 56. h5 Bb4 57. Ke6 Be1 1/2-1/2

[Event "Thessaloniki Open 2009"]
[Site "Thessaloniki GRE"]
[Date "2009.05.03"]
[Round "9.4"]
[White "Shavtvaladze, Nikoloz"]
[Black "Sidorenko, Ilya"]
[Result "1/2-1/2"]
[WhiteElo "2454"]
[BlackElo "2357"]
[PlyCount "65"]
[EventDate "2009.04.27"]
[EventType "swiss"]
[EventRounds "9"]
[EventCountry "GRE"]
[Source "lmi"]
[SourceDate "2009.04.27"]

1. d4 Nf6 2. Nf3 g6 3. c4 Bg7 4. Nc3 d5 5. Bg5 Ne4 6. cxd5 Nxg5 7. Nxg5 e6 8.
Qd2 h6 9. Nf3 exd5 10. e3 O-O 11. Rc1 c6 12. Be2 Nd7 13. O-O f5 14. Ne1 f4 15.
Nd3 g5 16. b3 Nf6 17. exf4 Ne4 18. Nxe4 dxe4 19. Nc5 Rxf4 20. g3 Rf8 21. Rcd1
Qe7 22. Rfe1 Kh8 23. Bf1 Bf5 24. Nxe4 Rad8 25. Nc5 Qc7 26. Ne6 Bxe6 27. Rxe6
Rxd4 28. Qe2 Rxd1 29. Qxd1 Qb6 30. Re2 a5 31. Qc2 Qd4 32. Qg6 Qf6 33. Qc2
1/2-1/2

[Event "Thessaloniki Open 2009"]
[Site "Thessaloniki GRE"]
[Date "2009.05.03"]
[Round "9.5"]
[White "Ivanov, Jordan"]
[Black "Sanduleac, Vasile"]
[Result "0-1"]
[WhiteElo "2435"]
[BlackElo "2438"]
[PlyCount "76"]
[EventDate "2009.04.27"]
[EventType "swiss"]
[EventRounds "9"]
[EventCountry "GRE"]
[Source "lmi"]
[SourceDate "2009.04.27"]

1. c4 e5 2. Nc3 d6 3. g3 f5 4. Bg2 Nf6 5. d3 Be7 6. e4 Nc6 7. Nge2 O-O 8. h3
fxe4 9. dxe4 Nd7 10. Nd5 Nc5 11. Be3 Ne6 12. Qd2 Bg5 13. O-O Bxe3 14. fxe3 Bd7
15. Rxf8+ Nxf8 16. b4 Be6 17. Rc1 Ne7 18. c5 dxc5 19. Rxc5 Nfg6 20. b5 Rc8 21.
Qc2 c6 22. bxc6 Rxc6 23. Rxc6 bxc6 24. Nxe7+ Nxe7 25. Qc5 Bxa2 26. Qxe5 a5 27.
Nd4 a4 28. Qc5 Bf7 29. Qa7 Qe8 30. e5 Nd5 31. Nxc6 Qxc6 32. Qb8+ Qe8 33. Qxe8+
Bxe8 34. Bxd5+ Kf8 35. Kf2 Ke7 36. e6 a3 37. Ba2 Bc6 38. h4 Bb7 0-1

[Event "Thessaloniki Open 2009"]
[Site "Thessaloniki GRE"]
[Date "2009.05.03"]
[Round "9.6"]
[White "Burtasova, Anna"]
[Black "Velchev, Hristo"]
[Result "1-0"]
[WhiteElo "2299"]
[BlackElo "2284"]
[PlyCount "119"]
[EventDate "2009.04.27"]
[EventType "swiss"]
[EventRounds "9"]
[EventCountry "GRE"]
[Source "lmi"]
[SourceDate "2009.04.27"]

1. e4 c5 2. c3 g6 3. d4 cxd4 4. cxd4 d5 5. exd5 Nf6 6. Nc3 Nxd5 7. Qb3 Nb6 8.
d5 Bg7 9. Be3 N8d7 10. Nf3 O-O 11. Rd1 Nf6 12. Be2 Bg4 13. h3 Bxf3 14. Bxf3 Ne8
15. O-O Nd6 16. Nb5 Nbc4 17. Nxd6 Nxd6 18. Rfe1 Re8 19. h4 Nf5 20. Qxb7 Nxe3
21. Rxe3 Qd6 22. b3 Bf6 23. h5 Kg7 24. Re4 a5 25. Rc4 Reb8 26. Qc6 Ra6 27. Qa4
Qe5 28. Rc6 Rb4 29. Rxa6 Rxa4 30. bxa4 Qb2 31. d6 Bd4 32. Rf1 exd6 33. Rxd6 Bc5
34. Rd7 Qe5 35. hxg6 Kxg6 36. Rfd1 Qb2 37. R7d2 Qc3 38. Be4+ f5 39. Rc2 Qb4 40.
Bxf5+ Kxf5 41. Rd5+ Ke6 42. Rdxc5 Qxa4 43. Rc6+ Kf7 44. R6c4 Qb5 45. a4 Qb1+
46. Rc1 Qb2 47. Rc7+ Kf6 48. g3 Qd2 49. R1c6+ Kg5 50. Rc5+ Kg6 51. R7c6+ Kg7
52. Rb6 Kf8 53. Rc8+ Ke7 54. Rb7+ Ke6 55. Rc6+ Kf5 56. Rb5+ Ke4 57. Rc4+ Kf3
58. Rb3+ Ke2 59. Re3+ Kd1 60. Rcc3 1-0

[Event "Thessaloniki Open 2009"]
[Site "Thessaloniki GRE"]
[Date "2009.05.03"]
[Round "9.7"]
[White "Karlovich, Anastazia"]
[Black "Georgiev, Krum"]
[Result "0-1"]
[WhiteElo "2251"]
[BlackElo "2440"]
[PlyCount "138"]
[EventDate "2009.04.27"]
[EventType "swiss"]
[EventRounds "9"]
[EventCountry "GRE"]
[Source "lmi"]
[SourceDate "2009.04.27"]

1. e4 c5 2. Nf3 d6 3. Bc4 Nc6 4. d4 cxd4 5. Nxd4 Nf6 6. Nc3 e6 7. O-O Be7 8.
Be3 O-O 9. Bb3 Bd7 10. a4 a6 11. Re1 Na5 12. Ba2 Rc8 13. Qe2 Rxc3 14. bxc3 Nxe4
15. Qh5 Nxc3 16. Bd2 g6 17. Qh6 Nxa2 18. Rxa2 Nc4 19. Bc3 e5 20. Nf3 Re8 21.
Raa1 Bc6 22. Rad1 Bf8 23. Qh3 f6 24. Qg4 d5 25. Nd2 Nxd2 26. Rxd2 Qc8 27. Qh4
d4 28. Ba5 Qd7 29. c4 Qf5 30. Rb2 Qe6 31. Bb6 g5 32. Qh5 Qxc4 33. h4 h6 34.
hxg5 hxg5 35. Qg6+ Bg7 36. Reb1 Qf7 37. Qf5 Bxa4 38. Bxd4 exd4 39. Rxb7 Re7 40.
Rxe7 Qxe7 41. Qd5+ Qf7 42. Rb8+ Bf8 43. Qxd4 Bb5 44. Qd8 Bc6 45. Rb6 Qd7 46.
Qxd7 Bxd7 47. Rxa6 Kf7 48. g3 Kg6 49. Ra7 Bc6 50. Rc7 Be4 51. Rc8 Bd6 52. Rd8
Be5 53. Rd7 Kf5 54. Ra7 Kg4 55. Ra3 f5 56. Kh2 Bd6 57. Rc3 Be7 58. Rc7 Bb4 59.
Rc1 Kf3 60. Kg1 Bd3 61. Rd1 Ke2 62. Ra1 Bc5 63. Ra2+ Kf3 64. Rb2 g4 65. Rd2 Be2
66. Rd5 Bxf2+ 67. Kh1 Kxg3 68. Rxf5 Bf3+ 69. Rxf3+ Kxf3 0-1

[Event "Thessaloniki Open 2009"]
[Site "Thessaloniki GRE"]
[Date "2009.05.03"]
[Round "9.8"]
[White "Danilov, Vladimir"]
[Black "Fakhiridou, Ekaterini"]
[Result "0-1"]
[WhiteElo "2410"]
[BlackElo "2252"]
[PlyCount "52"]
[EventDate "2009.04.27"]
[EventType "swiss"]
[EventRounds "9"]
[EventCountry "GRE"]
[Source "lmi"]
[SourceDate "2009.04.27"]

1. d4 Nf6 2. c4 c5 3. d5 e5 4. Nc3 d6 5. e4 Be7 6. Nge2 O-O 7. Ng3 Ne8 8. Be2
Nd7 9. O-O g6 10. Bg4 Ng7 11. f4 exf4 12. Bxf4 Ne5 13. Bxc8 Rxc8 14. b3 a6 15.
Qd2 Bf6 16. Rac1 Ng4 17. Nd1 Bd4+ 18. Nf2 f5 19. exf5 Nxf2 20. Rxf2 Nxf5 21.
Nxf5 Bxf2+ 22. Qxf2 Rxf5 23. Qg3 Qf6 24. Bxd6 Qd4+ 25. Kh1 Re8 26. Re1 Re3 0-1

[Event "Thessaloniki Open 2009"]
[Site "Thessaloniki GRE"]
[Date "2009.05.03"]
[Round "9.9"]
[White "Poley, Vladimir"]
[Black "Galopoulos, Nikolaos"]
[Result "1/2-1/2"]
[WhiteElo "2338"]
[BlackElo "2247"]
[PlyCount "94"]
[EventDate "2009.04.27"]
[EventType "swiss"]
[EventRounds "9"]
[EventCountry "GRE"]
[Source "lmi"]
[SourceDate "2009.04.27"]

1. Nf3 Nf6 2. c4 e6 3. g3 b6 4. Bg2 Bb7 5. O-O Be7 6. Nc3 O-O 7. Re1 Ne4 8.
Nxe4 Bxe4 9. d3 Bb7 10. e4 d6 11. d4 Nd7 12. Qc2 c5 13. dxc5 Nxc5 14. Bf4 e5
15. Bd2 Rc8 16. h4 Qc7 17. b3 Qb8 18. Re3 Qa8 19. Ne1 b5 20. Bh3 Bxe4 21. Qc3
Ne6 22. Qb4 bxc4 23. Rc1 Rc7 24. Qa4 Bc6 25. Qa5 Qb7 26. Rxc4 Rfc8 27. Rec3 d5
28. Rxc6 Rxc6 29. Qxd5 Qc7 30. Rxc6 Qxc6 31. Qxe5 Bf6 32. Qf5 Qa6 33. Nf3 Qxa2
34. Be3 a6 35. Bf1 a5 36. Bc4 Rxc4 37. bxc4 a4 38. Qb5 h6 39. h5 a3 40. Qe8+
Kh7 41. Qxf7 Qxc4 42. Bd4 Bxd4 43. Nxd4 a2 44. Nxe6 a1=Q+ 45. Kh2 Qc8 46. Nf8+
Kh8 47. Ng6+ Kh7 1/2-1/2

[Event "Thessaloniki Open 2009"]
[Site "Thessaloniki GRE"]
[Date "2009.05.03"]
[Round "9.14"]
[White "Sidiropoulos, Nikolaos"]
[Black "Matsenko, Vadim"]
[Result "0-1"]
[WhiteElo "2081"]
[BlackElo "2144"]
[PlyCount "78"]
[EventDate "2009.04.27"]
[EventType "swiss"]
[EventRounds "9"]
[EventCountry "GRE"]
[Source "lmi"]
[SourceDate "2009.04.27"]

1. e4 c5 2. Nf3 Nc6 3. Bb5 g6 4. O-O Bg7 5. Bxc6 dxc6 6. h3 Nf6 7. d3 O-O 8.
Nc3 Nd7 9. Be3 e5 10. Qd2 Re8 11. Nh2 b6 12. f4 exf4 13. Rxf4 Ne5 14. Raf1 Be6
15. Ng4 Bxg4 16. hxg4 Bh6 17. R4f2 Bxe3 18. Qxe3 Nxg4 19. Qf4 Nxf2 20. Rxf2 Re7
21. Qf6 Qd7 22. Ne2 Qe6 23. Qg5 Rae8 24. Ng3 Qe5 25. Rf5 Qg7 26. Rf2 Re5 27.
Qh4 h6 28. c3 Rg5 29. e5 Rgxe5 30. Ne4 g5 31. Qh5 R8e6 32. Ng3 Qg6 33. Qf3 Re3
34. Qg4 Rxd3 35. Nf5 Rd5 36. c4 Rde5 37. Qf3 Rxf5 38. Qxf5 Qxf5 39. Rxf5 Re2
0-1

[Event "Thessaloniki Open 2009"]
[Site "Thessaloniki GRE"]
[Date "2009.05.03"]
[Round "9.15"]
[White "Jevtic, Miroljub"]
[Black "Galopoulos, Panagiotis"]
[Result "0-1"]
[WhiteElo "2173"]
[BlackElo "2151"]
[PlyCount "108"]
[EventDate "2009.04.27"]
[EventType "swiss"]
[EventRounds "9"]
[EventCountry "GRE"]
[Source "lmi"]
[SourceDate "2009.04.27"]

1. d4 Nf6 2. c4 e6 3. Nc3 Bb4 4. Qc2 d5 5. e3 c5 6. a3 Bxc3+ 7. bxc3 Ne4 8. Bd3
Qa5 9. cxd5 exd5 10. Bxe4 dxe4 11. Qxe4+ Be6 12. Bd2 O-O 13. c4 Qa6 14. d5 Bd7
15. Nf3 Re8 16. Qf4 b5 17. O-O bxc4 18. Ne5 f6 19. Nxc4 g5 20. Qd6 Qxc4 21.
Qxf6 Qe4 22. Qxg5+ Qg6 23. Qxg6+ hxg6 24. f3 Bb5 25. Rfc1 Nd7 26. e4 Bd3 27.
Bf4 Rac8 28. Be3 Rc7 29. Rc3 c4 30. Bd4 Nc5 31. Rac1 Na4 32. d6 Nxc3 33. Rxc3
Rb7 34. Kf2 Kf7 35. Ke3 Ke6 36. Bc5 Rc8 37. Kd4 Rb5 38. Bxa7 Kxd6 39. Ke3 Rb2
40. g3 Rxh2 41. Rc1 Ra8 42. Bd4 g5 43. Bg7 Re2+ 44. Kd4 g4 45. e5+ Kc6 46. f4
Re4+ 47. Kc3 Rxa3+ 48. Kb4 Rb3+ 49. Ka4 Re2 50. Ra1 Reb2 51. e6 Rb4+ 52. Ka5
Rb5+ 53. Ka4 Bc2+ 54. Ka3 R2b3+ 0-1

[Event "Thessaloniki Open 2009"]
[Site "Thessaloniki GRE"]
[Date "2009.05.03"]
[Round "9.16"]
[White "Tsintsar, Zoran"]
[Black "Polyakova, Natalia"]
[Result "0-1"]
[WhiteElo "1962"]
[BlackElo "2077"]
[PlyCount "101"]
[EventDate "2009.04.27"]
[EventType "swiss"]
[EventRounds "9"]
[EventCountry "GRE"]
[Source "lmi"]
[SourceDate "2009.04.27"]

1. e4 d5 2. exd5 Qxd5 3. Nc3 Qa5 4. Bc4 Nf6 5. Nf3 Bg4 6. d4 c6 7. O-O e6 8. h3
Bh5 9. g4 Bg6 10. Re1 Nbd7 11. Bf4 h5 12. g5 Qf5 13. Bh2 Qxh3 14. gxf6 gxf6 15.
Bf1 Qg4+ 16. Kh1 Rg8 17. Qe2 Bxc2 18. Ng1 Qg6 19. Rac1 Bf5 20. Ne4 Bb4 21. f3
Bxe4 22. Qxe4 f5 23. Qh4 Bxe1 24. Rxe1 Nf6 25. Nh3 Nd5 26. Nf2 Nb4 27. Nh3 Nd5
28. Nf4 Nxf4 29. Qxf4 Rd8 30. Bh3 Qf6 31. Re5 Kf8 32. Bg1 b6 33. Bf2 Qg6 34.
Re1 Qf6 35. Bh4 Qxd4 36. Qh6+ Ke8 37. Bxd8 Kxd8 38. Qxh5 Rh8 39. Qg5+ Kc8 40.
Qg3 Qxb2 41. Qg2 Qd4 42. Rf1 c5 43. f4 Kc7 44. Qf3 b5 45. Kh2 Rd8 46. Bg2 Rh8+
47. Kg3 Rg8+ 48. Kh2 Qh8+ 49. Kg1 Qd4+ 50. Kh2 Qe4 51. Qc3 0-1